000
00242nam a2200097Ia 4500
001
760601
005
20250826165151.0
008
250824s9999 xx 000 0 und d
245
0
_a
UZAY OKULU
_c
NAZLI AKALIN
260
_b
ÇOCUK GEZEGENİ YAYINLARI
999
_c
760601
_d
760601